书目信息 |
| 题名: |
未世迷踪
|
|
| 作者: | 莱希 , LaHaye , 詹金斯 , Jenkins 著 ;郑颖 译 | |
| 分册: | ||
| 出版信息: | 北京 中国工人出版社 2001 |
|
| 页数: | 378页 | |
| 开本: | 20cm | |
| 丛书名: | Last Days终级小说系列 | |
| 单 册: | ||
| 中图分类: | I712.45 | |
| 科图分类: | ||
| 主题词: | 科学幻想小说--美国--现代 , 科学幻想小说 | |
| 电子资源: | ||
| ISBN: | 7-5008-2460-2 | |
| 000 | 01310nam2 2200361 45 | |
| 001 | 012001009408 | |
| 005 | 20041207153250.70 | |
| 010 | @a7-5008-2460-2@dCNY 20.00 | |
| 035 | @a(011001)c2001006171 | |
| 100 | @a20010221d2001 em y0chiy0110 ea | |
| 101 | 1 | @achi@ceng |
| 102 | @aCN@b110000 | |
| 105 | @ay z 000ay | |
| 200 | 1 | @a未世迷踪@9wei shi mi zong@f(美)蒂姆·莱希(Tim LaHaye),(美)杰里·詹金斯(Jerry B.Jenkins)著@g郑颖等译 |
| 210 | @a北京@c中国工人出版社@d2001 | |
| 215 | @a378页@d20cm | |
| 225 | 2 | @aLast Days终级小说系列@v1 |
| 305 | @a由CCL授权出版,香港珍珠文化企业公司代理 | |
| 314 | @a蒂姆·莱希(Tim LaHaye),美国著名学者及家庭生活丛书作者,著有《属灵的气质》等。 | |
| 314 | @a杰里·詹金斯(Jerry B.Jenkins),美国多产畅销作家,合著有《未世迷踪》等。 | |
| 330 | @a本书有:“空中大失踪”、“候女心切”、“与尼古拉会面”、“一见钟情”、“杀人会议”等二十五章。 | |
| 461 | 0 | @12001 @aLast Days终级小说系列@v1 |
| 510 | 1 | @aLeft Behind@zeng |
| 606 | 0 | @a科学幻想小说@y美国@z现代 |
| 606 | 0 | @a科学幻想小说 |
| 690 | @aI712.45@v4 | |
| 701 | 1 | @a莱希@9lai xi@bT.@4著 |
| 701 | 1 | @aLaHaye@bT.@4著 |
| 701 | 1 | @a詹金斯@9zhan jin si@bJ.B.@4著 |
| 701 | 1 | @aJenkins@bJerry B.@4著 |
| 702 | 0 | @a郑颖@9zheng ying@4译 |
| 801 | 0 | @aCN@bNLC@c20041207 |
| 905 | @a10447@dI712.45@eD457 | |
| 未世迷踪/(美)蒂姆·莱希(Tim LaHaye),(美)杰里·詹金斯(Jerry B.Jenkins)著/郑颖等译.-北京:中国工人出版社,2001 |
| 378页;20cm.-(Last Days终级小说系列;1) |
| ISBN 7-5008-2460-2:CNY 20.00 |
| 本书有:“空中大失踪”、“候女心切”、“与尼古拉会面”、“一见钟情”、“杀人会议”等二十五章。 |
| ● |
| 相关链接 |
|
|
|
正题名:未世迷踪
索取号:I712.45/D457
 
预约/预借
| 序号 | 登录号 | 条形码 | 馆藏地/架位号 | 状态 | 备注 |
| 1 | 430873 | 204308739 | 社科二线400B/400B社科库 28排4列6层/ [索取号:I712.45/D457] | 在馆 | |
| 2 | 430874 | 204308748 | 社科二线400B/400B社科库 28排4列6层/ [索取号:I712.45/D457] | 在馆 | |
| 3 | 430875 | 204308757 | 社科二线422/422社科库 32排1列5层/ [索取号:I712.45/D457] | 在馆 |